000 00672nam a22001937a 4500
005 20251108165507.0
008 250721s1994 xx 000 0 ara d
082 1 4 _aم/217.903/محم
100 1 _aالكتاني، محمد المنتصر
245 1 0 _aمعجم فقه إبن حزم الظاهري /
264 1 _aالقاهره :
_bمكتبة السنة - الدار السلفية للنشر و التوزيع،
_c1994.
300 _a838ص
490 0 _aموسوعة تقريب فقه إبن حزم الظاهري ؛ 2
650 1 7 _aالإسلام
650 1 7 _aالقواميس
650 1 7 _aالفقه الإسلامي
942 _2ddc
_cREF
999 _c29231
_d29231